Detalles MARC
| 000 -LÍDER |
| Campo fijo de descripción fija |
01548cam a2200409 i 4500 |
| 001 - NÚMERO DE CONTROL |
| Campo de control |
880966020 |
| 003 - IDENTIFICADOR DEL NÚMERO DE CONTROL |
| Campo de control |
CO-MdFUSB |
| 005 - FECHA Y HORA DE LA ULTIMA TRANSACCIÓN |
| control field |
20181114105751.0 |
| 008 - ELEMENTOS DE LONGITUD FIJA -- INFORMACIÓN GENERAL |
| Campo fijo de descripción fija -- Información general |
141215t20152015enk g b 001 0 eng |
| 010 ## - NÚMERO DE CONTROL DE LA BIBLIOTECA DEL CONGRESO |
| Número de control LC |
2014037718 |
| 020 ## - NÚMERO INTERNACIONAL NORMALIZADO PARA LIBROS |
| Número Internacional Normalizado del libro |
9780567424686 |
| 020 ## - NÚMERO INTERNACIONAL NORMALIZADO PARA LIBROS |
| Número Internacional Normalizado del libro |
0567424685 |
| 020 ## - NÚMERO INTERNACIONAL NORMALIZADO PARA LIBROS |
| Número Internacional Normalizado del libro |
9780567254023 |
| Información adicional |
(paperback) |
| 020 ## - NÚMERO INTERNACIONAL NORMALIZADO PARA LIBROS |
| Número Internacional Normalizado del libro |
056725402X |
| Información adicional |
(paperback) |
| 020 ## - NÚMERO INTERNACIONAL NORMALIZADO PARA LIBROS |
| Cancelado / ISBN no válido |
9780567477415 |
| Información adicional |
(electronic book) |
| 040 ## - FUENTE DE CATALOGACIÓN |
| Agencia de catalogación original |
DLC |
| Idioma de catalogación |
spa |
| Convenciones de la descripción |
rda |
| Agencia que realiza la transcripción |
CO-MdFUSB |
| Agencia que realiza la modificación |
CO-MdFUSB |
| -- |
YDXCP |
| -- |
BTCTA |
| -- |
BDX |
| -- |
OCLCF |
| -- |
CDX |
| -- |
OCLCO |
| -- |
OCLCQ |
| -- |
YUS |
| -- |
TLE |
| -- |
LNT |
| -- |
UtOrBLW |
| 041 ## - CÓDIGO DE IDIOMA |
| Código de idioma para texto/pista de sonido o título separado |
eng |
| 082 ## - NÚMERO DE CLASIFICACIÓN DECIMAL DEWEY |
| Número de la edición del Dewey |
24 |
| Número de clasificación |
G 232.3 |
| Clave de autor-Numero de item |
J66a |
| 100 1# - ASIENTO PRINCIPAL--NOMBRE PERSONAL |
| Nombre personal |
Johnson, Adam J., |
| Término relacionador |
autor. |
| 245 10 - TÍTULO |
| Título del Material |
Atonement |
| Parte restante del título - Subtitulo |
: a guide for the perplexed |
| Mención de responsabilidad, etc. |
/ Adam J. Johnson. |
| 264 #1 - PRODUCCIÓN, PUBLICACIÓN, DISTRIBUCIÓN, MANUFACTURA, Y COPYRIGHT |
| Lugar de producción, publicación, distribución, manufactura |
London, UK ; |
| Nombre del productor, publicador, distribuidor |
Bloomsbury T & T Clark, |
| Fecha de producción, publicación, distribución, manufactura, o copyright |
℗2015. |
| 264 #4 - PRODUCCIÓN, PUBLICACIÓN, DISTRIBUCIÓN, MANUFACTURA, Y COPYRIGHT |
| Fecha de producción, publicación, distribución, manufactura, o copyright |
©2015 |
| 300 ## - DESCRIPCIÓN FÍSICA |
| Extensión |
vii, 212 páginas ; |
| Dimensiones |
22 cm. |
| 336 ## - TIPO DE CONTENIDO |
| Fuente |
rdacontent. |
| Término de tipo de contenido |
texto |
| Código de tipo de contenido |
txt |
| 337 ## - TIPO DE MEDIO |
| Fuente |
rdamedia. |
| Nombre del tipo de medio |
sin mediación |
| Código del tipo de medio |
n |
| 338 ## - TIPO DE SOPORTE |
| Fuente |
rdacarrier. |
| Nombre del tipo de soporte |
volumen |
| Código Tipo de soporte |
nc |
| 490 ## - MENCIÓN DE SERIE |
| Mención de serie |
Bloomsbury Guides for the Perplexed |
| 501 ## - NOTA DE “CON” |
| Nota de Contenido |
Incluye índices (páginas 203- 212) |
| 504 ## - NOTA DE BIBLIOGRAFÍA, ETC. |
| Nota de bibliografía, etc |
Bibliografía (páginas 191- 202) |
| 505 0# - NOTA DE CONTENIDO |
| Nota de contenido con formato preestablecido |
La minería de las riquezas -- Sobre aspectos, teorías y ortodoxia -- La expiación trinitaria: el fundamento de la doctrina -- La expiación y los atributos divinos -- La vida expiatoria de Cristo -- La expiación y el espectro creado -- Conclusión. |
| 650 #0 - ASIENTO SECUNDARIO DE MATERIA - TERMINO TEMÁTICO |
| Término temático o nombre geográfico como elemento de entrada |
Sacrificios |
| 9 (RLIN) |
1208 |
| 650 #7 - ASIENTO SECUNDARIO DE MATERIA - TERMINO TEMÁTICO |
| Término temático o nombre geográfico como elemento de entrada |
Cristología |
| 9 (RLIN) |
239 |
| 650 #7 - ASIENTO SECUNDARIO DE MATERIA - TERMINO TEMÁTICO |
| Término temático o nombre geográfico como elemento de entrada |
Pecado |
| 9 (RLIN) |
368 |
| 653 ## - TÉRMINO DE INDIZACIÓN - NO CONTROLADO |
| Término no controlado |
Expiación |
| 942 ## - TIPO DE MATERIAL (KOHA) |
| Tipo de Item KOHA |
Libros General |